| 000 | 00413pab a2200157 454500 | ||
|---|---|---|---|
| 008 | 180718b2015 xxu||||| |||| 00| 0 eng d | ||
| 100 | _aSrivastava, Gouri | ||
| 245 | _aGender concerns in education policies: Past, present and future | ||
| 260 | _c2015 | ||
| 300 | _ap.3-6. | ||
| 362 | _a30 Mar | ||
| 650 | _aEducational policy | ||
| 650 | _aWomens education | ||
| 773 | _aUniversity News | ||
| 909 | _a107512 | ||
| 999 |
_c107507 _d107507 |
||